| 000 | 00650naa a2200193 4500 | ||
|---|---|---|---|
| 005 | 20100505114826.0 | ||
| 008 | 100505t xxu||||| |||| 00| 0 eng d | ||
| 020 |
_a9780230639010 _c345.00 |
||
| 037 | _bPUB | ||
| 040 |
_adpl _bEnglish |
||
| 100 | _aWard, Keith | ||
| 245 |
_athe big questions in science and religion / _cby Keith Ward |
||
| 260 |
_aNew Delhi _bMacmillan _c2009 |
||
| 270 |
_a2/10, Ansari Road, Daryaganj _bNew Delhi _e110002 |
||
| 300 |
_avi, 280p. _c24cm(pbk) |
||
| 500 | _aIncludes references and index | ||
| 942 |
_adpl _cEN _2ddc _mWAR |
||
| 999 |
_c35695 _d35695 |
||